[Event "Stay Safe Play From Home 302"]
[Site "Emanuel Lasker Arena"]
[Date "2020.07.14"]
[Round "4"]
[White "Bardellosport"]
[Black "TheCHESSHOUSE"]
[Result "0-1"]
[WhiteElo "2055"]
[BlackElo "2039"]
[Annotator "TA"]
[PlyCount "36"]
[EventDate "2020.07.14"]
[EventType "swiss (blitz)"]

{[%evp 9,36,11,18,-35,-8,-19,-24,-39,-53,-34,-44,-38,-51,-64,-67,-106,0,-157,-144,-291,-203,-206,-192,-204,-39,-172,-168,-2860,-2639]} 1. d4 Nf6 2. e3 g6 3. f4 Bg7 4. Nf3 d6 5. Bd3 O-O 6. Qe2 {A45: Trompowsky Attack.} ({White should try} 6. e4 $11) 6... Nbd7 7. e4 c5 {[#]} 8. e5 $146 {Black has an edge.} ({Predecessor:} 8. d5 e6 9. dxe6 fxe6 10. Nbd2 d5 11. c3 b5 12. Bxb5 Qb6 13. Bd3 Nh5 14. g3 {0-1 (58) Kannemeyer,W (1993)-Hercules,B (2076) Pretoria 2015}) 8... Nd5 $1 9. e6 N7f6 10. exf7+ Rxf7 11. Ng5 Rf8 $36 {[%mdl 2048] Black is pushing.} 12. O-O Qb6 (12... cxd4 $17 13. Ne6 Bxe6 14. Qxe6+ Kh8) 13. c3 $2 {[#]} (13. Nc3 $11) 13... cxd4 14. c4 (14. Kh1 $17 {was necessary.}) 14... Ne3 15. Bxe3 dxe3 16. Nc3 Qd4 $2 (16... Bg4 $19 17. Qc2 Nh5) 17. Rad1 (17. Nb5 $15 Qb6 18. Rae1) 17... Bg4 $19 {[%mdl 64] [#] Skewer} 18. Qf2 $2 (18. Nf3 Qxf4 19. Rde1) 18... exf2+ {Accuracy: White = 34%, Black = 45%.} 0-1

[Event "Stay Safe Play From Home 302"]
[Site "Emanuel Lasker Arena"]
[Date "2020.07.14"]
[Round "4"]
[White "NeatFox"]
[Black "AChessPlayer"]
[Result "0-1"]
[WhiteElo "1821"]
[BlackElo "2369"]
[Annotator "TA"]
[PlyCount "90"]
[EventDate "2020.07.14"]
[EventType "swiss (blitz)"]

{[%evp 9,90,-106,-24,-29,57,56,93,90,83,50,83,16,35,42,36,0,104,111,126,126,106,120,193,161,201,136,114,125,178,180,194,180,183,137,172,20,172,131,162,85,81,-48,18,22,12,-75,-85,-97,0,-610,0,0,187,-258,-254,-631,49,31,75,75,145,0,113,-1146,-953,-29985,-584,-1177,0,-29987,-29988,-29988,-29989,-29989,-29990,-29993,-29994,-29997,-29988,-29988,-29989,-29997,-1318]} 1. g4 d5 2. Bg2 c6 3. c4 Bxg4 4. cxd5 Nf6 5. Qb3 Bc8 ({But not} 5... Nxd5 $6 6. Qxb7 Nd7 7. Nc3 $11) (5... cxd5 $17 6. Nc3 e6) 6. Nc3 $11 {A00: Irregular Openings.} e5 (6... cxd5 $11 7. Nxd5 Nc6) 7. dxe6 $1 $14 {[%mdl 64] [#] Overworked Piece} Bxe6 $146 ({Predecessor:} 7... fxe6 8. Nf3 Bd6 9. d3 Na6 10. Bg5 O-O 11. O-O-O Kh8 12. h4 Be7 13. Bh3 b5 {1-0 (34) Schmidt,R (1829)-Manke,K (1817) Mecklenburg VP 2008}) 8. Qxb7 {[%mdl 64] Double Attack. White is better.} Nbd7 9. Qxc6 Rc8 10. Qb7 (10. Qa4 $16) 10... Be7 11. Qxa7 O-O 12. Nf3 Bc5 (12... Nc5 $11 {keeps the balance.} 13. Ne5 Bd6) 13. Qa4 $16 Qb6 14. d4 Bb4 {...Rxc3 is the strong threat.} 15. Bd2 Ra8 (15... Bxc3 $16 16. bxc3 (16. Bxc3 Bd5 $16) 16... Bd5) 16. Qc2 Rfc8 17. Qd1 Bxc3 18. Bxc3 Ne4 (18... Rxa2 $16 19. Rxa2 Bxa2) 19. O-O $18 Nxc3 20. bxc3 Rxc3 21. a4 Bd5 22. Ne5 $2 (22. Qb1 $18) 22... Qd6 $2 (22... Bxg2 $11 23. Kxg2 (23. Nxd7 Qb7 $14) 23... Nxe5 24. dxe5 Qg6+ 25. Kh1 Qe4+ 26. f3 Qxe5) 23. Nxd7 Qxd7 24. Bxd5 (24. Qd2 $1 $18 {[%cal Rd2c3]} Rcc8 25. Bxd5 Qxd5 26. a5) 24... Qxd5 $16 25. e3 (25. Qd2 $16 Rc4 26. Rfd1) 25... Rc6 (25... Ra6 $15 26. f3 Rxe3) 26. f3 $11 Qg5+ 27. Kf2 (27. Kh1 $11 {remains equal.}) 27... Rac8 $1 $17 {[%mdl 1024] Black has strong compensation.} 28. Ra2 Re8 $40 {[%mdl 128] Black mounts an attack.} (28... Rh6 $17 29. h4 Qxh4+ 30. Ke2 Qg3) 29. Qe2 $2 {[%mdl 8192]} (29. e4 $11) 29... Rce6 $2 (29... Rh6 $19 30. Rh1 Rg6) 30. e4 $11 {aiming for Qe3.} Qh4+ $2 (30... Rh6 $11 {and Black is okay.} 31. Rh1 Qh4+ 32. Ke3 Rb6) 31. Ke3 $4 {[%mdl 8192]} (31. Kg2 $1 $18 {avoids the disaster.}) 31... f5 $1 $19 {[%cal Rf5e4]} 32. e5 $2 {[#]} (32. d5 Rxe4+ 33. fxe4 Rxe4+ 34. Kf3) 32... f4+ $2 ({Black should play} 32... Rxe5+ $1 $19 {[%mdl 512]} 33. dxe5 Rxe5+ 34. Kd3 Qd8+ 35. Kc4 Qd5+ 36. Kc3 Qa5+ 37. Kb3 Qb6+ 38. Kc3 Re3+ 39. Kd2 Rxe2+ 40. Kxe2 Qe6+ {[%mdl 64] Double Attack} 41. Kf2 Qxa2+ {[%mdl 64] Double Attack} 42. Kg1 Qxa4) 33. Kd2 $14 {Hoping for a5.} Qd8 34. Qd3 $1 Kh8 (34... Rh6 $142 35. Rh1 Rg6) 35. Rg1 ({Better is} 35. Rb1 $16) 35... Rc6 (35... Rh6 $11 36. Rg2 Rb6) 36. d5 $2 {[%mdl 8192]} (36. Rc2 $16 Rxc2+ 37. Kxc2) 36... Rc5 $19 37. d6 Rcxe5 (37... Qa5+ $142 38. Kd1 {[#]} Rd5 $1 {[%mdl 512]} 39. Qd2 Rxd2+ 40. Rxd2 Qxa4+ 41. Ke1 Rxe5+ 42. Kf2 Qa7+ 43. Kf1 Qe3 $1 {[%mdl 512]} 44. Rf2 Qe1+ 45. Kg2 Rg5+ 46. Kh3 Qxg1 47. Kh4 Rg6 48. Rg2 Qxg2 49. Kh5 Qxh2#) 38. Qd4 {Threatening Rc2.} R8e6 $2 (38... Qa5+ $19 39. Kc1 Re1+ 40. Rxe1 Qxe1+ 41. Kc2 Rc8+ 42. Kb3 Rb8+ 43. Kc4 Rb4+ {[%mdl 64] Skewer} 44. Kc5 Rxd4 45. Kxd4 Qe3+ {[%mdl 64] Double Attack} 46. Kd5 Qb3+ {[%mdl 64] Double Attack} 47. Ke5 Qxa2) 39. Rc2 $2 {[%mdl 8192]} (39. d7 $11 Re7 40. Kc1 Re1+ 41. Rxe1 Rxe1+ 42. Kc2 Re2+ 43. Kb3 Re3+ {[%mdl 64] Double Attack} 44. Kc4 Qc7+ 45. Kb4 Qb7+ 46. Kc5 Qc7+ 47. Kb4 Qb7+ 48. Ka5 Qc7+ 49. Kb4) 39... Rxd6 {Black mates.} 40. Qxd6 Qxd6+ 41. Kc1 Re8 42. Rd2 {[#]} Qa3+ $1 {[%mdl 64] Double Attack} 43. Rb2 Rc8+ 44. Kb1 Qd3+ 45. Rc2 Qxc2+ {Quite a comeback for Black. Accuracy: White = 32%, Black = 38%.} (45... Rxc2 $142 46. h4 Qb3+ {[%mdl 64] Double Attack} 47. Ka1 Qb2#) 0-1

[Event "Stay Safe Play From Home 302"]
[Site "Emanuel Lasker Arena"]
[Date "2020.07.14"]
[Round "4"]
[White "Klasman"]
[Black "Bellbox"]
[Result "0-1"]
[WhiteElo "1321"]
[BlackElo "2060"]
[Annotator "TA"]
[PlyCount "58"]
[EventDate "2020.07.14"]
[EventType "swiss (blitz)"]

{[%evp 9,58,0,0,-9,14,0,0,0,6,0,0,-10,-9,-16,0,0,307,-4,11,0,375,261,460,395,380,171,362,206,206,221,473,339,316,0,0,0,21,19,16,6,15,0,103,103,129,-54,-56,-64,-70,-60,-27]} 1. f4 f5 2. Nf3 Nf6 3. e3 b6 4. d4 Bb7 5. c4 e6 6. Bd3 {A02: Bird's Opening.} c5 7. Nc3 {[#]} cxd4 $146 ({Predecessor:} 7... Be7 8. O-O O-O 9. d5 Kh8 10. Bc2 Ne8 11. e4 fxe4 12. Nxe4 exd5 13. cxd5 Nf6 {1-0 (42) Insam,H (2250)-Tabernig,B (2255) Hartberg 1992}) 8. exd4 {The position is equal.} Be7 9. O-O O-O 10. h3 Nc6 11. d5 exd5 12. cxd5 Nb4 $2 {[%mdl 8192]} (12... Bc5+ $11 13. Kh2 Nb4) 13. Bxf5 $2 (13. d6 $1 $18) 13... Bc5+ (13... Bxd5 14. Nxd5 Nbxd5 15. Be4 $1 $16 {[%mdl 512]}) 14. Kh1 d6 $2 {[%mdl 8192]} ({Much weaker is} 14... Nfxd5 $6 15. Nxd5 Bxd5 16. Bxh7+ $1 {[%mdl 512]} Kxh7 17. Ng5+ Kg8 18. a3 $16) (14... Qc7 $11) 15. Ng5 Bc8 $2 (15... h6 16. Ne6 Qe8 17. Nxf8 Kxf8) 16. Bxc8 Qxc8 17. Ne6 (17. a3 $142) 17... Re8 $2 (17... Nbxd5 18. Nxf8 (18. Nxd5 Qxe6 19. Nc7 {[%mdl 64] Double Attack} Qf7 $16) 18... Nxc3 19. bxc3 Qxf8) 18. Qf3 (18. f5 $142) 18... Nbxd5 19. Nxd5 Rxe6 $2 (19... Qxe6 20. Nc7 {[%mdl 64] Double Attack, Discovered Attack} Qe4) 20. Nxf6+ Rxf6 {[#]} 21. Be3 $2 (21. b4 $1 $18 {[%mdl 512]}) 21... Bxe3 $11 22. Qxe3 Qc6 23. Qb3+ Kh8 24. Rae1 Raf8 25. Re7 Rg6 (25... Rxf4 $11 26. Rxf4 Qc1+ {[%mdl 64] Double Attack} 27. Kh2 Qxf4+ 28. Qg3 Qd4) 26. Rf2 $16 h6 27. Rfe2 $2 ({Much worse is} 27. Rxa7 $6 Rxf4 28. Qc2 Qxc2 $11) (27. Rc2 $16 Qa8 28. Qd3) 27... Qc1+ $15 {Black is slightly better.} 28. Kh2 Qxf4+ 29. Kh1 Qc1+ {[%mdl 32768] Black defended with fortune. Accuracy: White = 54%, Black = 50%. . Loss on time!?} 0-1

[Event "Stay Safe Play From Home 302"]
[Site "Emanuel Lasker Arena"]
[Date "2020.07.14"]
[Round "5"]
[White "AChessPlayer"]
[Black "Mepe_Nika"]
[Result "1-0"]
[WhiteElo "2370"]
[BlackElo "2368"]
[Annotator "TA"]
[PlyCount "147"]
[EventDate "2020.07.14"]
[EventType "swiss (blitz)"]

{[%evp 15,147,14,16,-16,-13,-27,-12,-44,-20,-21,16,-8,10,5,60,22,22,0,0,0,133,-31,-28,-84,230,220,225,237,226,173,162,163,229,209,293,283,285,251,329,322,315,280,289,285,286,286,295,281,306,296,276,230,266,185,267,238,311,298,335,291,403,381,405,406,401,391,393,372,331,225,212,52,55,0,256,104,106,0,155,0,148,0,194,194,194,186,183,144,204,204,619,608,712,704,627,585,1804,1464,1497,1331,4133,1414,29974,29975,29977,29978,29978,29979,29979,29980,29982,29977,29977,0,29982,29980,29980,29977,29982,29974,29980,0,29982,29981,29983,29981,29982,29983,29983,29984,29990,29988,29988,29989]} 1. Nf3 d5 2. g3 c6 3. Bg2 Bf5 4. O-O e6 5. d3 Nf6 6. b3 h6 7. Bb2 Be7 8. Nbd2 O-O 9. c3 {9.Re1 is the modern continuation. A07: Réti Opening: New York and Capablanca Systems.} a5 10. a3 {[#]} Bh7 $146 ({Predecessor:} 10... Na6 11. b4 Nd7 12. e4 Bh7 13. Qe2 Bf6 14. Nb3 axb4 15. axb4 Qb6 16. e5 Be7 {½-½ (56) Maghsoodloo,P (2030)-Lorparizangeneh,S (2190) Zahedan 2012}) 11. b4 {The position is equal.} axb4 12. axb4 Nbd7 13. Qb3 Qc7 14. c4 b5 (14... Rfd8 $11) 15. cxb5 cxb5 16. Rac1 Qd6 17. Nd4 Qxb4 (17... Ra6 $11) 18. Qxb4 $2 (18. Nc6 $16 Qxd2 19. Rc2 (19. Nxe7+ Kh8 $11)) 18... Bxb4 $15 19. N2b3 (19. Rc2 $11) 19... Rfb8 $2 {[%mdl 8192]} (19... Ra2 $17 {stays on course.} 20. Rb1 e5) 20. Nc6 $1 $18 {[%csl LRb4,LRb8][%mdl 64] [#] Double Attack} Bd6 21. Nxb8 Rxb8 22. Nd4 b4 23. Nc6 $36 {[%mdl 2048] Keeping Black busy.} Ra8 (23... Rb7 $142 24. Na5 Rb8) 24. Ra1 Rxa1 (24... Re8 $142 25. Rfc1 Nb8) 25. Rxa1 Bg6 26. Ra7 Nc5 27. Ra8+ Kh7 28. Bxf6 gxf6 29. Nxb4 Nb3 30. Nc6 Bh5 31. Bf1 Nc1 32. f3 Nb3 33. g4 Bg6 34. Kf2 h5 (34... Bxh2 $142 35. e3 Bd6) 35. h3 Bc5+ 36. e3 Bd6 37. d4 Nc1 38. Ra7 Kg7 39. Nd8 Kf8 40. gxh5 Bxh5 41. Ra1 Nb3 42. Rb1 Nd2 {[#]} 43. Rb6 $2 (43. Rd1 $1 $18 {[%cal Rd1d2]} Ne4+ 44. Kg2) 43... Bc7 $14 44. Rb2 (44. Nxe6+ $1 $14 fxe6 45. Rxe6) 44... Nxf3 $2 {[%mdl 8192]} (44... Nxf1 $11 {and Black is okay.} 45. Nb7 Nh2) 45. Nc6 (45. Be2 $18 {is the precise move to win.}) 45... Ng5 $16 46. Bd3 (46. Bg2 $16) 46... Bd6 $2 {White leaves nothing to chance now.} (46... Nxh3+ $11 47. Kg2 Ng5) 47. Ra2 $2 (47. h4 $16 Ne4+ 48. Bxe4 dxe4 49. Ra2) 47... Kg7 (47... Nxh3+ $11 {remains equal.} 48. Kg2 Ng5) 48. Ra7 (48. h4 $16 Ne4+ 49. Bxe4 dxe4 50. Ra8) 48... Ne4+ $2 (48... Nxh3+ $11 {and Black has nothing to worry.} 49. Kg2 Ng5) 49. Bxe4 $1 $18 dxe4 {[%mdl 4096] Endgame KRN-KB} 50. Nd8 {Strongly threatening Nxe6+.} Kf8 51. Ra6 Be7 (51... Bh2 $16 {was called for.} 52. d5 exd5) 52. Nc6 Ke8 $2 (52... Bd6 53. Ra8+ Kg7) 53. Ra8+ Kd7 54. Ra7+ Kxc6 55. Rxe7 {KR-KB} Kd5 56. Re8 e5 57. Rh8 Bg6 58. dxe5 Kxe5 59. h4 Kf5 60. h5 Kg5 61. hxg6 fxg6 {KR-K3P} 62. Re8 f5 63. Re7 Kf6 64. Re8 Kg5 $1 65. Rb8 Kf6 66. Rb5 Kg5 67. Kg2 Kg4 68. Kf2 $2 (68. Rb6 {mates} f4 69. Kf2 Kg5 70. Rb5+ Kg4 71. Rb6 f3 72. Rxg6+ Kf5 73. Rg8) 68... g5 $2 {[%mdl 8192]} (68... Kg5 $11 69. Kg3 Kf6 70. Rb6+ Kg5 71. Re6 Kh6 72. Kf4 Kg7 73. Kg5 Kf7) 69. Rb6 {White mates.} f4 70. Rg6 fxe3+ 71. Kxe3 Kf5 72. Rg8 Kg4 73. Rf8 Kh4 74. Kxe4 {Accuracy: White = 64%, Black = 44%.} 1-0

[Event "Stay Safe Play From Home 302"]
[Site "Emanuel Lasker Arena"]
[Date "2020.07.14"]
[Round "5"]
[White "Jhhonnyy"]
[Black "Broken sword"]
[Result "1-0"]
[WhiteElo "2319"]
[BlackElo "2400"]
[Annotator "TA"]
[PlyCount "113"]
[EventDate "2020.07.14"]
[EventType "swiss (blitz)"]

{[%evp 9,113,-11,0,-55,-39,-62,-25,-12,-20,-55,-33,-68,-39,-94,-80,-110,-106,-98,-97,-103,-41,-55,-44,-52,-49,-23,60,22,93,79,114,60,92,25,102,33,40,-94,174,172,385,201,174,-131,551,489,504,479,491,491,464,283,274,269,274,235,229,129,127,0,0,0,64,27,64,64,124,64,65,67,227,0,271,0,0,0,0,0,0,0,0,0,0,0,0,0,0,0,0,-4134,-4134,-4134,0,0,0,0,29982,-77,29984,29983,29983,-81,71,0,49,0]} 1. d4 c5 2. c4 cxd4 3. Qxd4 Nc6 4. Qd1 g6 5. Nf3 Bg7 6. g3 {A30: Symmetrical English: Double Fianchetto and Hedgehog.} (6. e4 $11) 6... d6 $15 7. Bg2 Nf6 8. O-O {Black has an edge.} Be6 9. Nc3 Bxc4 10. Qa4 {[#]} Be6 $146 ({Predecessor:} 10... d5 11. Nd2 Ba6 12. Nb3 e6 13. Nc5 O-O 14. Nxa6 Qb6 15. Bf4 bxa6 16. e4 d4 17. e5 Nh5 18. Bxc6 Rac8 19. Nd5 exd5 20. Bxd5 Rcd8 21. Bb3 {1-0 (21) Koch,C (2168)-Bernal Varela,N (2105) LSS email 2012}) 11. Ng5 (11. Nd4 $15 Bd7 12. Nxc6 bxc6 13. Bxc6) 11... Bd7 $17 12. Qb3 {[%csl Gg5][%cal Rb3f7]} O-O 13. Qxb7 Rb8 14. Qa6 Nb4 (14... Qc7 $17 {aiming for ...Nb4.} 15. a3 Ne5) 15. Qxa7 $15 h6 16. Nge4 Nxe4 17. Bxe4 Be6 (17... f5 $11 18. Bb1 Nc6) 18. Rd1 Bf5 (18... f5 $11 {keeps the balance.} 19. Bd5 Bxd5 20. Nxd5 Kf7) 19. Bxf5 $16 gxf5 20. a3 (20. Bf4 $16) 20... Nc6 $14 21. Qe3 (21. Qa4 $16 Ne5 22. Qc2) 21... Ne5 (21... e6 $11 {remains equal.}) 22. b4 (22. Qf4 $16) 22... Qd7 23. Bb2 (23. Rb1 $14 {stays ahead.}) 23... Rfc8 $2 {[%mdl 8192]} (23... Nc4 $17 24. Qc1 Rfc8) 24. Nd5 $18 e6 $2 (24... Qb7 {was worth a try.}) 25. Nb6 (25. Bxe5 $142 Bxe5 26. Qxe5 $1 {[%mdl 512]} (26. Nb6 Rxb6 27. Qxb6 Bxa1 $18) 26... exd5 27. Qxd5) 25... Rxb6 26. Qxb6 $2 (26. Bxe5 $1 $18 Qb5 27. Bxg7 Kxg7 28. Rdb1) 26... Rd8 $2 {[%mdl 8192]} (26... Nc4 $17 {stays on course.} 27. Qa6 Bxb2) 27. Bxe5 Bxe5 28. Rac1 d5 29. Qe3 Bg7 30. b5 Qxb5 31. Rb1 Qa4 32. Qb3 Qa7 33. a4 ({Better is} 33. Rd2 $18) 33... Ra8 $16 34. Ra1 (34. Kg2 $16) 34... Bxa1 $11 35. Rxa1 {[%mdl 4096] Endgame KQR-KQR} Kg7 (35... Qd4 $11 36. Qa2 Ra5) 36. e3 Kg6 37. a5 Rb8 (37... Qa6 $14) 38. Qc3 (38. Qd3 $1 $16) 38... Qa6 $14 39. h4 Rb5 $2 ({Black should play} 39... Ra8 $14) 40. Qe5 $2 ({White has to play} 40. Qh8 $18 {White threatens h5+! and mate.} Kh5 41. Qf6 $1 {[%mdl 512]}) 40... h5 $2 {[%mdl 8192]} (40... Rxa5 $11 {and Black has nothing to worry.} 41. Rxa5 Qxa5) 41. Qf4 $2 (41. Qh8 $18) 41... Rxa5 $11 42. Rxa5 Qxa5 {KQ-KQ} 43. Qg5+ Kh7 44. Qf6 Kg8 45. Qg5+ Kf8 46. Qxh5 Qe1+ 47. Kg2 Qd2 48. Qf3 d4 49. h5 $2 {[%mdl 8192] [#]} (49. exd4 $11 Qxd4 50. Qh5) 49... dxe3 $1 $19 50. Qxe3 Qd5+ $2 (50... Qxe3 $19 51. fxe3 Kg7) 51. Qf3 Qe5 52. h6 {Qa8+ is the strong threat.} Qf6 $2 {[%mdl 8192]} (52... Kg8 $11) 53. h7 $2 (53. Qa8+ Ke7 54. h7 f4 55. h8=Q Qxh8 56. Qxh8 f3+ 57. Kxf3 Kd6 58. Qf8+ Kd5 59. Qxf7) 53... Qg7 $2 {[%mdl 8192]} (53... Kg7 $17) 54. Qa8+ Ke7 55. Qf3 $2 (55. h8=Q {mates} Qxh8 56. Qxh8 Kd7 57. Qf8 f6 58. Qf7+ Kd6 59. f4 Kd5 60. Qxf6) 55... Qh8 $2 (55... Qxh7 $17 {keeps the pressure on.} 56. Qb7+ Kf6) 56. g4 ({White should try} 56. Qh5 $16) 56... Kf6 57. gxf5 {[%mdl 32768] What a fight! Accuracy: White = 43%, Black = 45%. . Loss on time!?} 1-0

[Event "Stay Safe Play From Home 302"]
[Site "Emanuel Lasker Arena"]
[Date "2020.07.14"]
[Round "5"]
[White "Little champs"]
[Black "NTBT_DHS"]
[Result "0-1"]
[WhiteElo "2284"]
[BlackElo "2463"]
[Annotator "TA"]
[PlyCount "130"]
[EventDate "2020.07.14"]
[EventType "swiss (blitz)"]

{[%evp 15,130,16,10,4,24,24,10,14,10,5,11,0,38,41,41,0,0,-9,15,-9,-18,-66,-49,-110,-109,-109,-108,-95,-112,-101,-112,-193,-141,-149,-96,-150,-156,-272,-277,-272,-264,-251,-229,-360,-252,-356,-356,-360,-354,-402,-378,-380,-381,-372,-364,-347,-345,-372,-312,-331,-302,-312,-304,-304,-256,-264,-261,-245,-243,-368,-357,-346,-258,-379,-374,-436,-272,-580,-445,-392,-341,-470,-427,-1152,-1136,-1077,-847,-937,-770,-825,-759,-1915,-1691,-29977,-29978,-29981,-29982,-29982,-29983,-29983,-29984,-29986,-29986,-29987,-29988,-29989,-29990,-29990,-29990,-29990,-29991,-29991,-29992,-29992,-29993,-29993,-29994]} 1. d4 g6 2. e3 Bg7 3. Nf3 Nf6 4. Be2 O-O 5. O-O d5 6. c4 c6 7. cxd5 cxd5 8. Nc3 Nc6 9. b3 {D94: Grünfeld: 4 Nf3 Bg7 5 e3.} Bf5 10. Bb2 Rc8 11. Rc1 {The position is equal.} a6 {[#]} 12. Nh4 $146 ({Predecessor:} 12. Bd3 Ne4 13. Bb1 Nb4 14. Nd2 Nxc3 15. Rxc3 Qd7 16. Nf3 Be4 17. Nd2 Bxb1 18. Qxb1 {½-½ (41) Santora,L (1955)-Koubek,V (1975) Klatovy 2000}) 12... Bd7 13. Nf3 b5 14. Ne5 e6 15. Nxc6 (15. Nd3 {is interesting.} Qb6 16. g4 h6 17. h4 Ne7 18. Ba3) 15... Bxc6 16. a3 Qe7 17. b4 Nd7 18. Bd3 Nb6 19. e4 ({Better is} 19. Rc2 $15) 19... dxe4 20. Bxe4 Nc4 21. Ba1 Rfd8 ({Don't play} 21... Nxa3 $6 22. Bxc6 Rxc6 23. Nd5 $1 $14 {[%mdl 512]}) 22. Bxc6 Rxc6 23. d5 (23. Ne4 $17) 23... Rcd6 ({Don't go for} 23... Nxa3 $2 24. dxc6 Rxd1 25. Rfxd1 $18) (23... exd5 $19 {Strongly threatening ...d4.} 24. Qd3 Qh4) 24. Re1 $17 Qh4 (24... Nxa3 $142 25. Qf3 Nc4) 25. g3 (25. a4 $142) 25... Qh3 {[%cal Re6d5]} 26. Qf3 (26. Ne4 $17 {is a better defense.} Rxd5 27. Qf3 Bxa1 28. Rxa1) 26... exd5 $19 27. Rcd1 {[%cal Rd1d5]} d4 28. Ne4 {[#]} Re6 $1 $40 {[%mdl 128] White is in trouble.} 29. Ng5 (29. Nc5 $142 Rxe1+ 30. Rxe1) 29... Rxe1+ 30. Rxe1 Qf5 31. Qxf5 gxf5 32. Nf3 Nxa3 33. Rd1 d3 34. Bxg7 Kxg7 {[%mdl 4096] Endgame KRN-KRN} 35. Ne5 d2 36. Nf3 Nc4 {Hoping for ...Rd3.} 37. Kf1 Rd3 38. Ke2 Rb3 39. Nxd2 Rb2 40. Kd3 Nxd2 ({Much less strong is} 40... Rxb4 41. Ra1 $19) 41. Rxd2 Rxb4 {KR-KR} 42. Ra2 (42. Kc3 {keeps fighting.} Rc4+ 43. Kb3) 42... Ra4 43. Rb2 Kf6 44. f4 (44. Kc3 {was necessary.}) 44... Kg6 45. Ke3 Kh5 46. Kf3 $2 (46. Rc2) 46... Ra3+ 47. Kg2 Kg6 48. h3 h5 49. Rb4 (49. Kf2 $142) 49... Ra4 50. Rb3 b4 51. Kf2 Ra2+ 52. Ke1 a5 {[%cal Ba6a5,Ba5a4,Ba4a3][%mdl 32]} 53. Rd3 a4 54. Rd6+ f6 {Black mates.} 55. Rb6 b3 56. Kd1 b2 57. Kc2 a3 58. g4 fxg4 59. hxg4 hxg4 60. Rb3 Ra1 61. f5+ Kxf5 62. Rb5+ Kg6 63. Rb4 Rc1+ 64. Kd2 b1=Q 65. Rxb1 Rxb1 {Accuracy: White = 49%, Black = 84%.} 0-1

[Event "Stay Safe Play From Home 302"]
[Site "Emanuel Lasker Arena"]
[Date "2020.07.14"]
[Round "5"]
[White "Lazieri3"]
[Black "SoulofWolf"]
[Result "1-0"]
[WhiteElo "2102"]
[BlackElo "2096"]
[Annotator "TA"]
[PlyCount "57"]
[EventDate "2020.07.14"]
[EventType "swiss (blitz)"]

{[%evp 9,57,124,129,109,262,56,59,11,61,51,89,76,87,93,112,70,166,158,162,158,164,99,99,102,102,36,87,0,97,0,56,-21,154,150,168,0,512,220,884,897,1192,1192,1261,1262,29987,29988,29988,29989,5964,2783]} 1. e4 d6 2. Nc3 c5 3. d4 Nc6 {[#]} 4. dxc5 $146 ({Predecessor:} 4. g3 g6 5. Bg2 Bg7 6. f4 e5 7. Nf3 Nge7 8. O-O Nxd4 9. Ne2 Bg4 10. Nfxd4 cxd4 {½-½ (53) Orlyanskaya,D-Bulmaga,I Dnipropetrovsk 2003}) 4... dxc5 5. Qxd8+ Nxd8 6. Bc4 {B23: Closed Sicilian: Lines without g3.} e6 $2 (6... Bd7 $16 {is a better defense.}) 7. Nf3 $2 ({White must play} 7. Nb5 $1 $18 {[%cal Rb5c7]} Ke7 8. Bf4) 7... a6 $14 8. Bg5 {White is slightly better.} f6 (8... b5 {is more complex.} 9. Be2 Bb7 10. O-O Nc6 11. a4 b4) 9. Be3 Bd7 10. O-O b5 11. Be2 Nb7 12. Rfd1 O-O-O (12... Bc6 $14) 13. a4 $18 {[%cal Ra4b5]} b4 14. Nb1 (14. Bxa6 bxc3 15. bxc3 Bc6 $14) 14... a5 15. b3 (15. c3 $18) 15... Kc7 $16 16. Nbd2 Ne7 17. Nc4 (17. Bf4+ $16 e5 18. Nxe5 fxe5 19. Bxe5+ Kb6 20. Nc4+ Kc6 21. Nxa5+ Nxa5 22. Rd6+ (22. Bb5+ Kb6 $11) 22... Kb7 23. Rad1) 17... Nc6 (17... e5 $14) 18. Rd2 ({White should try} 18. e5 $16) 18... g5 {[#]} (18... e5 $11) 19. h3 (19. e5 $1 $16 {[%cal Re5f6]} g4 20. Ne1 (20. exf6 gxf3 21. Bxf3 e5 $11)) 19... h5 (19... e5 $11) 20. Rad1 (20. e5 $1 $14 g4 21. Nh4 (21. exf6 gxf3 22. Bxf3 Be8 $11)) 20... g4 $2 ({Black should play} 20... e5 $1 $11) 21. hxg4 hxg4 {[#]} 22. Ne1 $2 ({Better is} 22. Bf4+ $1 $18 e5 23. Ncxe5) 22... f5 $2 {[%mdl 8192]} (22... e5 $1 $11 {and Black stays safe.}) 23. exf5 (23. Bf4+ $142 e5 24. Nxe5) 23... exf5 $2 (23... Bh6 24. f6 (24. Bxg4 exf5 25. Bxh6 Rxh6 $16) 24... Bxe3 25. Nxe3 g3 26. fxg3 Rhf8) 24. Bf4+ $18 Nd6 25. Nxd6 Bxd6 26. Rxd6 Rhe8 27. Rxd7+ Kb6 28. Bc7+ {[%mdl 64] Double Attack} Kb7 29. Bxd8+ {Accuracy: White = 35%, Black = 29%.} 1-0